Práctica de los ejercicios espirituales de S. Ignacio de Loyola ... (Registro nro. 300934)
[ vista simple ]
| 000 -ENCABEZADO | |
|---|---|
| Número de control [NR] | 01926nam a22002417a 4500 |
| 005 - FECHA Y HORA DE LA ÚLTIMA TRANSACCIÓN | |
| control field | 20150825085803.0 |
| 008 - DE LONGITUD FIJA DE DATOS DE ELEMENTOS - INFORMACIÓN GENERAL | |
| Elementos de longitud fija [NR] | 150825s1886 fr ||||fr|||| 001 0 spa d |
| 040 ## - FUENTE DE CATALOGACION [NR] | |
| Quien Cataloga | Sandra Yazo |
| Quien Clasifica | Sandra Yazo |
| 041 0# - CODIGO DE IDIOMA [R] | |
| Código de idioma para texto/pista de sonido o título separado [R] | Español |
| 082 04 - NUMERO DE CLASIFICACION DECIMAL DEWEY [R] | |
| Número de la edición [NR] | 20 |
| Número de clasificación [R] | 242.2 |
| 092 ## - SIGNATURA TOPOGRAFICA LOCAL | |
| Número de clasificación local | E37N004 |
| 100 1# - ASIENTO PRINCIPAL--NOMBRE PERSONAL [NR] | |
| Nombre personal [NR] | Torrubia, Pedro Tomás |
| ID Autoridad | 70994 |
| 245 10 - MENCION DE TITULO [NR] | |
| Título [NR] | Práctica de los ejercicios espirituales de S. Ignacio de Loyola ... |
| Parte restante del título [NR] | Parte segunda |
| Mención de responsabilidad, etc. [NR] | por el P. Pedro Thomas Torrubia |
| 260 ## - PUBLICACION, DISTRIBUCION, ETC. (PIE DE IMPRENTA) [R] | |
| Lugar de publicación, distribución, etc. [R] | París (Francia) |
| Nombre del editor, distribuidor, etc. [R] | Librería de la Ch. Bouret |
| Fecha de publicación, distribución, etc. [R] | 1886 |
| 300 ## - DESCRIPCION FISICA [R] | |
| Extensión [R] | 470 páginas |
| Dimensiones [R] | 15 x 9 cm. |
| 500 ## - NOTA GENERAL [R] | |
| Nota general [NR] | Encuadernación rígida en cartón forrada en cuero. Tapas con adornos repujados y recuadro en dorado. Lomo con nervaduras sobre costura y adornos en dorado. Guardas en papel impreso simulando papel de agua. Anteportada. Portada impresa en una sola tinta con un anagrama. Cenefas y remates. Texto en una sola columna. Ejemplar en buen estado de conservación. Papel con algunas manchas. Colección incompleta |
| 505 2# - NOTA DE CONTENIDO CON FORMATO PREESTABLECIDO [R] | |
| Nota de contenido con formato preestablecido [NR] | Proemio ; Distribución para los que hacen los ejercicios públicos ; Admonición breve ; Quinto día: Ejercicio de la muerte por la mañana ; Meditación ; Primera lección espiritual ; Capítulo de Kempis – Del pensamiento de la muerte ; Sentencia de San Ignacio ; Ejemplo ; Moralidad ; Segunda lección espiritual ; Para religiosos – de la presencia de Dios -- Sexto día: Ejercicio del Juicio por la mañana ; Meditación ; Primera lección espiritual ; Capítulo de Kempis – Se ha de prevenir con Santas obras el juicio del Señor, y cuán terrible sea ; Sentencia de San Ignacio ; Reflexión ; Moralidad ; Segunda lección espiritual ; De la murmuración -- Séptimo día ; Ejercicio del infierno por la mañana ; Meditación |
| 506 ## - NOTA DE RESTRICCIONES DE ACCESO [R] | |
| Condiciones de acceso [NR] | Consulta en sala |
| 650 #7 - ASIENTO SECUNDARIO DE MATERIA - TERMINO TEMATICO [R] | |
| 9 (RLIN) | 13946 |
| Término temático o nombre geográfico como elemento de entrada [NR] | Ejercicios espirituales |
| 650 #7 - ASIENTO SECUNDARIO DE MATERIA - TERMINO TEMATICO [R] | |
| 9 (RLIN) | 19257 |
| Término temático o nombre geográfico como elemento de entrada [NR] | Meditaciones |
| 690 ## - ASUNTO AGREGADO LOCAL DE ENTRADA - TÉRMINO TEMÁTICO (OCLC, RLIN) | |
| 9 (RLIN) | 42809 |
| Acceso temático local | Espiritualidad |
| 942 ## - ELEMENTOS DE ENTRADA AGREGADOS (KOHA) | |
| Sistema de clasificación | LOCAL |
| Tipo de ítem principal el descrito en 300a | Libro |
| Edición | 1 |
| Clasificación | E37N004 |
| Suprimido | Perdido | Sistema de clasificación | Dañado | No prestable | Tipo de ítem específico | Ubicación habitual | Ubicación actual | Localización | Fecha de creación | Forma de adquisición | Costo | Volúmen / Fascículo | Total préstamos | Signatura topográfica | Código de barras | Última vez visto | Ejemplar | Price effective from | Tipo de ítem |
|---|---|---|---|---|---|---|---|---|---|---|---|---|---|---|---|---|---|---|---|
| LOCAL | Libro archivo | Archivo Histórico | Archivo Histórico | Archivo histórico | 25/08/2015 | Donación | 0.00 | V.2 | E37N004 | L005082 | 25/08/2015 | Ej.1 | 25/08/2015 | Libro |